Rosco de Pasapalabra #13 - Estadísticas

Estadísticas generales
  • Esta prueba ha sido intentada 887 veces
  • La puntuación promedio es 12 de 25
Estadísticas de respuestas
Inicial Definición Respuesta % Correcto
A Período de la vida humana que sigue a la niñez y precede a la juventud Adolescencia
97%
F Infracción de las reglas de un juego o deporte, sancionada por su reglamento Falta
87%
N Calificación académica inmediatamente inferior al sobresaliente Notable
82%
H Bebida hecha con chufas u otros frutos, machacados, exprimidos y mezclados con agua y azúcar Horchata
76%
M Nombre corriente aplicado a cualquier mamífero cuadrumano del suborden de los simios Mono
76%
S Simulación de una situación de emergencia para ensayar las medidas previstas en tal caso Simulacro
76%
E Enunciar sucesiva y ordenadamente las partes de un conjunto Enumerar
72%
R Sonido inarticulado, por lo general desagradable Ruido
69%
C Sitio de donde se extrae piedra para obras varias Cantera
66%
Contiene la Ñ Cosmético que se usa para colorear las uñas y darles brillo Pintauñas
64%
J Perteneciente o relativo al general y estadista romano Julio César Juliano
63%
D Cantidad que, como ganancia o como pérdida, se reparte por cada acción en una empresa Dividendo
47%
U Se dice del molusco que tiene una sola valva Univalvo
46%
Contiene la X Precisión y rigor en la determinación de una cosa Exactitud
40%
V Sacar a la playa y poner en seco una embarcación, para resguardarla de la resaca o de los golpes de mar Varar
40%
I Lengua de tierra que une dos continentes o una península con un continente Istmo
39%
Contiene la Y Ventana abierta en el techo o en la parte alta de la pared Claraboya
32%
B Higo grande, de la primera cosecha de las higueras que dan dos Breva
31%
O En el juego del mus, envite del resto Órdago
31%
G Operario que tiene por oficio la colocación y arreglo de los aparatos necesarios para el alumbrado por gas Gasista
15%
Contiene la Q Dispositivo con varias barras giratorias para que las personas pasen de una en una, para facilitar su control Torniquete
12%
Z Parte trasera de algo Zaga
9%
L Catalejo, anteojo portátil y extensible Largomira
4%
P Pico de la provincia de Gerona, cima más elevada del Parque Natural de las Cabeceras del Ter y del Freser Puigmal
3%
T Apellido de la pintora que retrató a los reyes Fernando VII y María Isabel de Braganza en unas estampas de 1817 Thibault
0%
No se encontraron pruebas coincidentes
Distribución de puntuación
Porcentaje de gente con cada puntuación
Porcentaje por número respondido
Historial de tus puntuaciones
No has intentado esta prueba.